[Event "Mondiale Semilampo FIDE 2024"]
[Site "New York"]
[Date "28.12.2024"]
[Round "10.77"]
[White "Kvaloy, Aksel Bu"]
[Black "Dragnev, Valentin"]
[Result "1-0"]
[WhiteTitle "IM"]
[BlackTitle "GM"]
[WhiteElo "2490"]
[BlackElo "2563"]
[WhiteFideId "1528815"]
[BlackFideId "1634852"]
[EventDate "26.12.2024"]

1. d4 d5 2. c4 e6 3. Nf3 a6 4. g3 Bb4+ 5. Bd2 Bxd2+ 6. Nbxd2 b6 7. Bg2 Bb7 8.
O-O dxc4 9. Nxc4 Nf6 10. Rc1 O-O 11. Nce5 Nfd7 12. Qc2 c5 13. dxc5 Nxe5 14. Nxe5
Bxg2 15. Kxg2 Qd5+ 16. Nf3 bxc5 17. Rfd1 Qb7 18. Qxc5 Qxb2 19. Qe7 a5 20. Rd8
Nd7 21. Rxa8 Qxc1 22. Rxf8+ Nxf8 23. Ne5 Qc8 24. Qxf7+ Kh8 25. h4 Qc5 26. h5 a4
27. h6 gxh6 28. Qf6+ Kg8 29. Nf7 Qd5+ 30. f3 1-0

[Event "Mondiale Semilampo FIDE 2024"]
[Site "New York"]
[Date "28.12.2024"]
[Round "10.78"]
[White "Bilych, Oleksii"]
[Black "Gaehwiler, Gabriel"]
[Result "1-0"]
[WhiteTitle "IM"]
[BlackTitle "IM"]
[WhiteElo "2435"]
[BlackElo "2392"]
[WhiteFideId "14156504"]
[BlackFideId "1314530"]
[EventDate "26.12.2024"]

1. e4 e5 2. Nf3 Nf6 3. Nxe5 d6 4. Nf3 Nxe4 5. Nc3 Nxc3 6. dxc3 Be7 7. Be3 O-O 8.
Qd2 Nc6 9. O-O-O Ne5 10. Nd4 c5 11. Nb5 Qa5 12. a3 Rd8 13. c4 Qb6 14. f4 Ng4 15.
Be2 Be6 16. Bg1 Nf6 17. Qe3 d5 18. f5 Bxf5 19. Qxe7 Re8 20. Bxc5 Rxe7 21. Bxb6
Rxe2 22. Nd4 Rxg2 23. Nxf5 axb6 24. cxd5 Rd8 25. d6 g6 26. Ne3 Re2 27. Nc4 b5
28. Na5 Rd7 29. Nb3 Re5 30. Rd4 Ne4 31. Rxe4 Rxe4 32. Nc5 1-0

[Event "Mondiale Semilampo FIDE 2024"]
[Site "New York"]
[Date "28.12.2024"]
[Round "10.79"]
[White "Macovei, Andrei"]
[Black "Druska, Juraj"]
[Result "1-0"]
[WhiteTitle "IM"]
[BlackTitle "IM"]
[WhiteElo "2477"]
[BlackElo "2423"]
[WhiteFideId "13904680"]
[BlackFideId "14915650"]
[EventDate "26.12.2024"]

1. e4 e6 2. d4 d5 3. Nc3 Nf6 4. e5 Nfd7 5. f4 c5 6. Nf3 Nc6 7. Be3 Qb6 8. Na4
Qa5+ 9. c3 b6 10. Bd2 c4 11. b4 Nxb4 12. cxb4 Bxb4 13. Qc2 Bxd2+ 14. Nxd2 b5 15.
Nc3 b4 16. Nce4 dxe4 17. Qxe4 Nb6 18. Bxc4 O-O 19. O-O Ba6 20. Bxa6 Qxa6 21. f5
exf5 22. Rxf5 Rad8 23. Nb3 Nd5 24. Rf2 Nc3 25. Qh4 Qc4 26. Raf1 Rde8 27. Nc5 Qd5
28. Qg4 Rd8 29. e6 f5 30. e7 1-0

[Event "Mondiale Semilampo FIDE 2024"]
[Site "New York"]
[Date "28.12.2024"]
[Round "10.80"]
[White "Horvath, Dominik"]
[Black "Gretarsson, Helgi Ass"]
[Result "0-1"]
[WhiteTitle "GM"]
[BlackTitle "GM"]
[WhiteElo "2542"]
[BlackElo "2418"]
[WhiteFideId "1642561"]
[BlackFideId "2300699"]
[EventDate "26.12.2024"]

1. e4 g6 2. d4 Bg7 3. Nc3 d6 4. Be3 a6 5. g4 e5 6. dxe5 Bxe5 7. h3 Nc6 8. Qd2 h5
9. gxh5 Rxh5 10. Be2 Rh8 11. O-O-O Bg7 12. f4 Nf6 13. Bf3 Be6 14. Qg2 Bh6 15.
Kb1 Nd7 16. Bc1 Qh4 17. Bg4 f5 18. exf5 gxf5 19. Nf3 Qf6 20. Bh5+ Kd8 21. Ng5
Nc5 22. Rhe1 Kd7 23. Be3 Bxg5 24. fxg5 Qg7 25. Bf3 Ne4 26. Nxe4 fxe4 27. Bxe4
Rxh3 28. Bd5 Bf5 29. Be4 Be6 30. Bd5 Bf5 31. Rf1 Qh7 32. Rxf5 Qxf5 33. Rf1 Rxe3
34. a3 Qh3 35. Rf7+ Ne7 36. Qf2 c6 37. Bg2 Qe6 38. b3 Re1+ 39. Ka2 Qe5 0-1

[Event "Mondiale Semilampo FIDE 2024"]
[Site "New York"]
[Date "28.12.2024"]
[Round "10.82"]
[White "Wanyama, Harold"]
[Black "Papasimakopoulos, Alexandros"]
[Result "1-0"]
[WhiteTitle "FM"]
[BlackTitle "FM"]
[WhiteElo "2154"]
[BlackElo "2379"]
[WhiteFideId "10000380"]
[BlackFideId "4244125"]
[EventDate "26.12.2024"]

1. d4 d5 2. c4 e6 3. g3 dxc4 4. Bg2 a6 5. Nf3 c5 6. O-O Nc6 7. dxc5 Qxd1 8. Rxd1
Bxc5 9. Nbd2 Nf6 10. Nxc4 Ke7 11. Bf4 Nd5 12. Bd2 Rd8 13. Rac1 b6 14. Nxb6 Bxb6
15. Rxc6 Bb7 16. Rcc1 Ke8 17. Ne5 Rac8 18. Nc4 Bc7 19. e4 Ne7 20. e5 Bxg2 21.
Kxg2 Nd5 22. f4 Rb8 23. b3 Bb6 24. Kf3 Bc5 25. Na5 Rdc8 26. Rc4 Ba3 27. Bc1 Bc5
28. Bd2 Ba3 29. Ke4 Bb2 30. Rxc8+ Rxc8 31. Nc4 Rc6 32. Nxb2 Rc2 33. Nc4 Rxa2 34.
Kd3 f6 35. Rc1 h5 36. Nd6+ Kd7 37. Rc4 Rb2 38. b4 Rb3+ 39. Kc2 Rf3 40. Ne4 Ke7
41. Rc6 fxe5 42. fxe5 Rf5 43. Rxa6 Rxe5 44. Kd3 Rf5 45. Nc5 Rf2 46. Rxe6+ Kf7
47. Re5 Nf6 48. b5 Rf3+ 49. Re3 Rf5 50. Kc4 Nd5 51. Rd3 Nb6+ 52. Kb4 Ke7 53. h4
g6 54. Bg5+ Ke8 55. Rd6 Nd5+ 56. Rxd5 Rxd5 57. b6 Rd6 58. Kb5 Rd1 59. b7 Rb1+
60. Kc6 Kf7 61. Na6 Ra1 62. Nc7 Rb1 63. Nb5 Rf1 64. b8=Q Kg7 65. Qe5+ Kh7 66.
Nd6 Rf2 67. Qe7+ Kg8 68. Qe6+ Kg7 69. Ne8+ Kf8 70. Bh6# 1-0

[Event "Mondiale Semilampo FIDE 2024"]
[Site "New York"]
[Date "28.12.2024"]
[Round "10.84"]
[White "Makoto, Rodwell"]
[Black "George, Kevin"]
[Result "0-1"]
[WhiteTitle "IM"]
[BlackTitle "IM"]
[WhiteElo "2334"]
[BlackElo "2270"]
[WhiteFideId "11000120"]
[BlackFideId "10669515"]
[EventDate "26.12.2024"]

1. Nf3 d5 2. g3 g6 3. d4 Bg7 4. Bg2 c6 5. c4 dxc4 6. O-O Nf6 7. Na3 b5 8. b3
cxb3 9. Ne5 Nd5 10. Qxb3 Be6 11. Bb2 O-O 12. e4 Nb6 13. Qc2 Na4 14. Rac1 Qd6 15.
Nac4 Bxc4 16. Nxc4 Qb4 17. Qb3 Qxb3 18. axb3 Nxb2 19. Nxb2 Bxd4 20. Nd3 a5 21.
e5 Rc8 22. Rfd1 Ra7 23. Kf1 a4 24. bxa4 bxa4 25. e6 a3 26. exf7+ Kxf7 27. Nb4
Bb2 28. Rc2 Ra4 29. Na2 Rd4 30. Rxd4 Bxd4 31. Ke2 c5 32. Kd3 Nc6 33. f4 Na5 34.
Nc3 Nc6 35. Bxc6 Rxc6 36. Ra2 Ra6 37. Nb5 Bb2 38. Kc4 Kf6 39. Kxc5 Kf5 40. Nc7
Ra4 41. Nd5 Re4 42. Nb6 Re2 43. Kd5 Rd2+ 44. Kc6 Rxh2 45. Nc4 Rc2 46. Kb5 Rc3
47. Nxb2 Rb3+ 48. Kc4 axb2 0-1

[Event "Mondiale Semilampo FIDE 2024"]
[Site "New York"]
[Date "28.12.2024"]
[Round "10.85"]
[White "Esquivel Golcher, Luis Enrique"]
[Black "Wagner, Dennis"]
[Result "0-1"]
[WhiteTitle "FM"]
[BlackTitle "GM"]
[WhiteElo "2081"]
[BlackElo "2616"]
[WhiteFideId "6600174"]
[BlackFideId "24650684"]
[EventDate "26.12.2024"]

1. e4 e5 2. Nf3 Nc6 3. Nc3 Nf6 4. d4 exd4 5. Nd5 Nb4 6. Bg5 Nbxd5 7. exd5 Bb4+
8. Nd2 h6 9. Qe2+ Kf8 10. Bh4 Qe7 11. Bxf6 Qxf6 12. O-O-O d6 13. Qc4 Bc5 14. Kb1
Bb6 15. f3 Bd7 16. Bd3 g6 17. Ne4 Qe5 18. f4 Qe7 19. Ng3 f5 20. Ne2 Qf6 21. g4
fxg4 22. f5 gxf5 23. Rdf1 Re8 24. Ng3 Re5 25. Bxf5 Bxf5 26. Nxf5 Ke8 27. Nxd4
Qg6 28. Ne6 Ke7 29. Rf4 c6 30. Rxg4 cxd5 31. Nf4 Qf7 32. Qd3 Kd8 33. Ng6 Rhe8
34. Nxe5 dxe5 35. Rd1 d4 36. Qe4 Kc8 37. a3 Kb8 38. Rg6 h5 39. Rd3 Qf1+ 40. Ka2
Qf7+ 41. Kb1 Qf1+ 42. Ka2 Qf7+ 43. Rb3 Ka8 44. Rh6 Qc4 45. Rh7 Rb8 46. Qxe5 a5
47. Rh8 Rxh8 48. Qxh8+ Ka7 49. Qe8 a4 50. Qxh5 d3 0-1

[Event "Mondiale Semilampo FIDE 2024"]
[Site "New York"]
[Date "28.12.2024"]
[Round "10.86"]
[White "Larrea, Manuel"]
[Black "Soo, Kai Jie"]
[Result "0-1"]
[WhiteTitle "FM"]
[BlackTitle "FM"]
[WhiteElo "2259"]
[BlackElo "2153"]
[WhiteFideId "3000508"]
[BlackFideId "5803454"]
[EventDate "26.12.2024"]

1. e4 e6 2. d4 d5 3. Nc3 Bb4 4. Qd3 Ne7 5. Nf3 b6 6. Qb5+ Nec6 7. Ne5 Bd7 8.
Nxd7 Qxd7 9. exd5 Nxd4 10. Qxd7+ Nxd7 11. dxe6 Nxe6 12. Bd2 O-O-O 13. O-O-O Nf6
14. Ba6+ Kb8 15. f3 Bd6 16. g3 h5 17. Bd3 h4 18. Nb5 Bc5 19. b4 Bf2 20. g4 Nd5
21. Kb2 a6 22. Na3 Ka7 23. Nc4 Bd4+ 24. Kb3 Bf6 25. Rhf1 c5 26. a3 b5 27. Na5
c4+ 28. Nxc4 bxc4+ 29. Bxc4 Nd4+ 30. Ka2 Nxc2 31. g5 Bd4 32. Bxd5 Rxd5 33. Kb3
Rc8 34. Rc1 Na1+ 35. Ka4 Rxc1 36. Rxc1 Kb7 37. Bf4 Rd7 38. h3 g6 39. Rc4 Bb2 40.
Bc1 Be5 41. Rxh4 Nc2 42. Re4 Bg3 43. Bb2 Bc7 44. Kb3 Rd2 45. Re7 Nd4+ 46. Bxd4
Rxd4 47. Rxf7 Rf4 48. Rg7 Rxf3+ 49. Ka4 Rxh3 50. Rxg6 Be5 51. Rh6 Rg3 52. Rh7+
Kc6 53. Rh6+ Bd6 54. Rg6 Kd5 55. Rg8 Be5 56. Ra8 Bb2 57. Rxa6 Bxa3 58. g6 Bb2
59. Kb5 Rg4 60. Rc6 Bd4 61. Rc8 Be5 62. Rc5+ Ke6 63. Rc4 Rxg6 64. Rc6+ Bd6 65.
Kb6 Kd7 66. b5 Rg1 67. Kb7 Rg8 68. Kb6 Rb8+ 69. Ka6 Bc7 70. Rh6 Kc8 71. Rh8+ Bd8
72. Rh7 Rb6+ 73. Ka7 Rxb5 74. Rh6 Bc7 75. Rh8+ Kd7 76. Rh7+ Kc6 77. Rh6+ Bd6 78.
Ka6 Rb3 79. Rh5 Re3 80. Rf5 Re8 81. Rf7 Be7 0-1

[Event "Mondiale Semilampo FIDE 2024"]
[Site "New York"]
[Date "28.12.2024"]
[Round "10.87"]
[White "Wong, Hayoung"]
[Black "Pereira, Fabian"]
[Result "0-1"]
[BlackTitle "CM"]
[WhiteElo "1704"]
[BlackElo "2123"]
[WhiteFideId "13205145"]
[BlackFideId "3701263"]
[EventDate "26.12.2024"]

1. d4 Nf6 2. Nf3 g6 3. g3 Bg7 4. Bg2 O-O 5. O-O d6 6. c4 c6 7. Nc3 Nbd7 8. e4 e5
9. Re1 Qc7 10. b3 Re8 11. Bb2 a5 12. Rc1 exd4 13. Nxd4 Nc5 14. Qc2 Bd7 15. a3
Rad8 16. b4 axb4 17. axb4 Ne6 18. Nb3 h5 19. Qd2 h4 20. b5 Bc8 21. Ra1 Ng4 22.
Qe2 Nc5 23. Nxc5 dxc5 24. Na4 Bd4 25. Bxd4 cxd4 26. b6 Qe7 27. Qc2 hxg3 28. hxg3
Qg5 29. f3 d3 30. Qb2 d2 31. Red1 Qe3+ 32. Kh1 Nf2+ 33. Kh2 Nxd1 34. Rxd1 Qh6+
35. Kg1 Bh3 36. Kf2 Bxg2 37. Kxg2 Qe3 0-1

[Event "Mondiale Semilampo FIDE 2024"]
[Site "New York"]
[Date "28.12.2024"]
[Round "10.88"]
[White "Meylan, Andre"]
[Black "Grahn, Vidar"]
[Result "0-1"]
[WhiteTitle "CM"]
[BlackTitle "FM"]
[WhiteElo "2138"]
[BlackElo "2263"]
[WhiteFideId "1301225"]
[BlackFideId "1744780"]
[EventDate "26.12.2024"]

1. e4 e5 2. Nf3 Nc6 3. d4 exd4 4. Nxd4 Bc5 5. Be3 Qf6 6. Nb5 Bxe3 7. fxe3 Qh4+
8. g3 Qd8 9. Qg4 Kf8 10. Qf4 d6 11. Bc4 Nf6 12. O-O Ne5 13. Bb3 Bh3 14. Rd1 Bg4
15. Rf1 Be2 16. N1c3 Bxf1 17. Rxf1 c6 18. Nd4 Ng6 19. Qf2 h5 20. Nf5 h4 21. Rd1
Ng4 22. Qe2 Qg5 23. h3 Nh6 24. g4 Nxf5 25. exf5 Ne5 26. Rxd6 Rh6 27. Ne4 Qe7 28.
Rxh6 gxh6 29. f6 Qb4 30. Nc3 Rd8 31. Qf2 Qb6 32. Qf4 Qc7 33. Qxh6+ Ke8 34. Qf4
Qd6 35. Qe4 Qxf6 36. Ne2 Rd1+ 37. Kh2 Qf2+ 38. Qg2 Nf3# 0-1

[Event "Mondiale Semilampo FIDE 2024"]
[Site "New York"]
[Date "28.12.2024"]
[Round "11.3"]
[White "Firouzja, Alireza"]
[Black "Dubov, Daniil"]
[Result "1/2-1/2"]
[WhiteTitle "GM"]
[BlackTitle "GM"]
[WhiteElo "2763"]
[BlackElo "2693"]
[WhiteFideId "12573981"]
[BlackFideId "24126055"]
[EventDate "26.12.2024"]

1. Nf3 Nf6 2. b3 g6 3. Bb2 Bg7 4. e3 O-O 5. Be2 c5 6. c4 b6 7. d4 cxd4 8. exd4
d5 9. Ne5 Bb7 10. Bf3 Nc6 11. O-O Rc8 12. Nc3 dxc4 13. bxc4 Nd7 14. Nxc6 Bxc6
15. Bxc6 Rxc6 16. Qa4 Qc8 17. Qxa7 Rc7 18. Qa3 Nf6 19. Qb3 Rxc4 20. Rac1 Rc7 21.
Rfe1 1/2-1/2

[Event "Mondiale Semilampo FIDE 2024"]
[Site "New York"]
[Date "28.12.2024"]
[Round "11.5"]
[White "Duda, Jan-Krzysztof"]
[Black "Esipenko, Andrey"]
[Result "1/2-1/2"]
[WhiteTitle "GM"]
[BlackTitle "GM"]
[WhiteElo "2740"]
[BlackElo "2682"]
[WhiteFideId "1170546"]
[BlackFideId "24175439"]
[EventDate "26.12.2024"]

1. d4 Nf6 2. c4 e6 3. Nf3 d5 4. Nc3 Bb4 5. Qa4+ Nc6 6. e3 O-O 7. Qc2 Re8 8. Bd2
Bf8 9. a3 e5 10. dxe5 Nxe5 11. cxd5 Nxf3+ 12. gxf3 Nxd5 13. Bd3 g6 14. O-O-O a5
15. Kb1 Be6 16. Ne4 Qh4 17. Rhg1 Bg7 18. f4 c5 19. Nd6 Red8 20. f5 Rxd6 21. fxe6
Rxe6 22. e4 Nb6 23. f4 c4 24. Be2 c3 25. bxc3 Qe7 26. e5 Qxa3 27. Bc1 Qc5 28.
Rd4 Nd5 29. Rg3 Rb6+ 30. Ka1 Nc7 31. Rc4 Qe7 32. Rd3 a4 33. Rcd4 Ne6 34. Rd7 Qc5
35. Bf3 Bh6 36. Bd5 a3 37. h4 Rb2 38. Qd1 Qb5 39. Rxb7 Rb1+ 40. Ka2 Rb2+ 41. Ka1
Rb1+ 42. Ka2 Rb2+ 43. Ka1 1/2-1/2

[Event "Mondiale Semilampo FIDE 2024"]
[Site "New York"]
[Date "28.12.2024"]
[Round "11.6"]
[White "Mamedyarov, Shakhriyar"]
[Black "Sevian, Samuel"]
[Result "1/2-1/2"]
[WhiteTitle "GM"]
[BlackTitle "GM"]
[WhiteElo "2738"]
[BlackElo "2696"]
[WhiteFideId "13401319"]
[BlackFideId "2040506"]
[EventDate "26.12.2024"]

1. d4 Nf6 2. Bg5 e6 3. e4 h6 4. Bxf6 Qxf6 5. Nc3 Bb4 6. Qd3 b6 7. e5 Qe7 8. a3
Ba6 9. Qe4 Bxc3+ 10. bxc3 c6 11. c4 d5 12. exd6 Qxd6 13. Nf3 Bb7 14. Bd3 Nd7 15.
c5 bxc5 16. Rb1 Rb8 17. O-O cxd4 18. Rfd1 Nf6 19. Qxd4 Qxd4 20. Nxd4 Ke7 21. Be2
c5 22. Nb5 a5 23. Na7 Ba8 24. Bf3 Bxf3 25. gxf3 Rxb1 26. Rxb1 Nd5 27. Rb5 c4 28.
Rxa5 Kf6 29. Nc6 Rc8 30. Rc5 Ra8 31. Ra5 Rc8 32. Rc5 c3 33. Kf1 Rc7 34. Rc4 g5
35. Ke2 Nf4+ 36. Ke3 Rd7 37. Rd4 Rb7 38. Rd1 Rb6 39. Nb4 Rb5 40. Nd3 Nd5+ 41.
Kd4 Ra5 42. Ra1 Ra4+ 43. Kc5 Ke7 44. Kb5 Ra8 45. a4 Kd6 46. a5 Rb8+ 47. Kc4 Rc8+
48. Kb5 Rb8+ 49. Kc4 Rc8+ 50. Kb5 1/2-1/2

[Event "Mondiale Semilampo FIDE 2024"]
[Site "New York"]
[Date "28.12.2024"]
[Round "11.7"]
[White "Dominguez Perez, Leinier"]
[Black "Jacobson, Brandon"]
[Result "1-0"]
[WhiteTitle "GM"]
[BlackTitle "GM"]
[WhiteElo "2741"]
[BlackElo "2583"]
[WhiteFideId "3503240"]
[BlackFideId "30901561"]
[EventDate "26.12.2024"]

1. e4 e5 2. Nf3 Nc6 3. Bc4 Bc5 4. c3 Nf6 5. d3 d6 6. O-O a6 7. Re1 Ba7 8. a4 h6
9. Nbd2 g5 10. b4 Nh7 11. Kh1 O-O 12. Rf1 Qf6 13. Bb3 Ne7 14. Ng1 Ng6 15. Nc4
Be6 16. Be3 Kh8 17. Bxa7 Rxa7 18. Ne3 Bxb3 19. Qxb3 Qe6 20. Qc2 Ne7 21. d4 f5
22. exf5 Nxf5 23. Rae1 Raa8 24. dxe5 Qxe5 25. Nf3 Nxe3 26. Rxe3 Qf6 27. Qe2 Rf7
28. h3 Nf8 29. Nd4 Kh7 30. Rf3 Qg6 31. Rxf7+ Qxf7 32. Qe4+ Ng6 33. Qxb7 Re8 34.
Qxa6 Nf4 35. Qc6 Nd5 36. Kg1 Rf8 37. a5 g4 38. hxg4 h5 39. g5 h4 40. Qc4 Kg8 41.
g6 1-0

[Event "Mondiale Semilampo FIDE 2024"]
[Site "New York"]
[Date "28.12.2024"]
[Round "11.8"]
[White "Naroditsky, Daniel"]
[Black "Praggnanandhaa, R"]
[Result "0-1"]
[WhiteTitle "GM"]
[BlackTitle "GM"]
[WhiteElo "2619"]
[BlackElo "2737"]
[WhiteFideId "2026961"]
[BlackFideId "25059530"]
[EventDate "26.12.2024"]

1. Nf3 Nf6 2. g3 d5 3. Bg2 c5 4. O-O g6 5. c3 Bg7 6. d4 cxd4 7. cxd4 Nc6 8. Nc3
Ne4 9. Bf4 Nxc3 10. bxc3 O-O 11. Ne5 Na5 12. Rb1 Be6 13. Nd3 b6 14. Be5 Rc8 15.
Bxg7 Kxg7 16. Nf4 Qd6 17. Rc1 Rc7 18. h4 Rfc8 19. Qe1 Nc4 20. e3 Nb2 21. e4 dxe4
22. Qxe4 Na4 23. Nxe6+ Qxe6 24. Qxe6 fxe6 25. Bh3 Nxc3 26. Rce1 Rd8 27. Bxe6
Rxd4 28. Re3 Ne4 29. Rfe1 Nf6 30. Bb3 Kf8 31. R1e2 a5 32. a4 Rb4 33. Kg2 Ke8 34.
Rf3 Kd8 35. Rd2+ Ke8 36. Re2 Kf8 37. Rd2 Kg7 38. Re2 h6 39. Re5 Rd7 40. Rc3 Re4
41. Rb5 Rd6 42. Rc2 Re1 43. Rb2 Nd7 44. Bc4 Re4 45. Bb3 Nc5 46. Kf3 Rf6+ 47. Kg2
Rd6 48. Kf3 Red4 49. Kg2 Rf6 50. Re2 Kf8 51. Bc2 Rfd6 52. Re3 Rd2 53. Be4 Rf6
54. Bf3 Nd3 55. Kg1 Rxf2 56. Be2 Nc5 57. Rxb6 Rxb6 58. Kxf2 Nxa4 59. Re5 Nc3 60.
Bd3 a4 61. Rc5 Nd1+ 62. Ke2 Nb2 63. Bb1 a3 64. Ra5 Nc4 65. Ra8+ Kg7 66. Bd3 Rb2+
67. Kf3 Ne5+ 68. Ke4 Nxd3 69. Kxd3 Rb3+ 70. Ke4 Rxg3 71. Kf4 Rb3 72. Ra6 h5 73.
Ra4 Rh3 74. Ke5 Kh6 75. Ke6 a2 76. Kf7 Rxh4 77. Rxa2 Rf4+ 78. Kg8 h4 79. Ra3 g5
80. Ra6+ Rf6 81. Ra3 g4 82. Ra4 Kg5 83. Kg7 h3 0-1

[Event "Mondiale Semilampo FIDE 2024"]
[Site "New York"]
[Date "28.12.2024"]
[Round "11.9"]
[White "Lazavik, Denis"]
[Black "Giri, Anish"]
[Result "1/2-1/2"]
[WhiteTitle "GM"]
[BlackTitle "GM"]
[WhiteElo "2578"]
[BlackElo "2733"]
[WhiteFideId "13515110"]
[BlackFideId "24116068"]
[EventDate "26.12.2024"]

1. d4 d6 2. Nf3 Nf6 3. c4 g6 4. Nc3 Bf5 5. Qb3 Qc8 6. h3 a5 7. g4 Bd7 8. Bg2 Nc6
9. O-O Bg7 10. Be3 h5 11. g5 Nh7 12. Kh2 O-O 13. Rad1 Re8 14. d5 a4 15. Qc2 Nb4
16. Qd2 a3 17. Nb1 c5 18. dxc6 Nxc6 19. Nxa3 Be6 20. Rc1 Ra6 21. Rfd1 Rd8 22.
Bf4 Qa8 23. Nb5 Rxa2 24. Nc3 Ra6 25. Nd5 Ra2 26. Nc3 Ra6 27. Nd5 Ra2 1/2-1/2

[Event "Mondiale Semilampo FIDE 2024"]
[Site "New York"]
[Date "28.12.2024"]
[Round "11.10"]
[White "Caruana, Fabiano"]
[Black "Deac, Bogdan-Daniel"]
[Result "1/2-1/2"]
[WhiteTitle "GM"]
[BlackTitle "GM"]
[WhiteElo "2805"]
[BlackElo "2696"]
[WhiteFideId "2020009"]
[BlackFideId "1226380"]
[EventDate "26.12.2024"]

1. e4 e5 2. Nf3 Nc6 3. Bc4 Nf6 4. d3 Bc5 5. Nbd2 O-O 6. c3 a5 7. O-O d6 8. h3 h6
9. Re1 Be6 10. Bb5 Nd7 11. Ba4 Re8 12. Nc4 Nb6 13. Nxb6 Bxb6 14. d4 Bd7 15. Bc2
a4 16. a3 exd4 17. cxd4 Ne7 18. Be3 Ng6 19. Rc1 c5 20. Bb1 cxd4 21. Bxd4 Bxd4
22. Qxd4 Ne5 23. Re3 Qf6 24. Nxe5 Qxe5 25. Rd1 Be6 26. Bc2 b5 27. Rc3 Rec8 28.
Qxd6 Qxd6 29. Rxd6 Rxc3 30. bxc3 Rc8 31. e5 g5 32. Rd3 Bc4 33. Rd1 Be6 34. Rc1
Rc5 35. f3 Rxe5 36. Kf2 Kf8 37. Bd3 Ke7 38. Rb1 Rc5 39. Bxb5 Rxc3 40. Bxa4 Rxa3
41. Bb5 Rb3 42. Rxb3 Bxb3 43. Kg3 Be6 44. h4 Kf6 45. hxg5+ hxg5 46. f4 Bd5 47.
fxg5+ Kxg5 48. Be8 Bxg2 49. Bxf7 1/2-1/2

[Event "Mondiale Semilampo FIDE 2024"]
[Site "New York"]
[Date "28.12.2024"]
[Round "11.12"]
[White "Aronian, Levon"]
[Black "Shankland, Sam"]
[Result "1/2-1/2"]
[WhiteTitle "GM"]
[BlackTitle "GM"]
[WhiteElo "2747"]
[BlackElo "2672"]
[WhiteFideId "13300474"]
[BlackFideId "2004887"]
[EventDate "26.12.2024"]

1. e4 c5 2. Nf3 d6 3. Bb5+ Nd7 4. O-O a6 5. Bxd7+ Bxd7 6. d4 cxd4 7. Qxd4 Nf6 8.
Bg5 e6 9. Nbd2 Be7 10. Rad1 Rc8 11. Rfe1 h6 12. Bxf6 Bxf6 13. Qxd6 Rxc2 14. Nb3
Qc7 15. Qb4 Rc4 16. Qd2 Ba4 17. Rc1 O-O 18. Rxc4 Qxc4 19. Rc1 Qxe4 20. Nc5 Qc6
21. b3 Rd8 22. Qe3 Bb2 23. Rb1 Bb5 24. a4 Bd4 25. Nxd4 Qxc5 26. Nxe6 Qf5 27. Rc1
Qxe6 28. axb5 axb5 29. Qxe6 fxe6 30. h4 Rd3 31. Rc7 Rxb3 32. Rxb7 b4 33. Re7
Rb1+ 34. Kh2 Re1 35. f3 b3 36. Rb7 Rb1 37. Kg3 b2 38. Kg4 g6 39. Kg3 Kf8 40. Kh2
Ke8 41. Kg3 Kd8 42. Rb3 Ke7 43. Rb6 Kf6 44. Rb5 e5 45. Rb6+ Kf5 46. Kf2 h5 47.
Rb5 g5 48. hxg5 Kg6 49. Kg3 h4+ 50. Kg4 h3 51. Rb6+ Kf7 52. Kg3 Kg7 53. Kh2 hxg2 1/2-1/2

[Event "Mondiale Semilampo FIDE 2024"]
[Site "New York"]
[Date "28.12.2024"]
[Round "11.13"]
[White "Theodorou, Nikolas"]
[Black "Sindarov, Javokhir"]
[Result "1/2-1/2"]
[WhiteTitle "GM"]
[BlackTitle "GM"]
[WhiteElo "2600"]
[BlackElo "2682"]
[WhiteFideId "4262875"]
[BlackFideId "14205483"]
[EventDate "26.12.2024"]

1. d4 Nf6 2. c4 e6 3. Nf3 d5 4. g3 Be7 5. Bg2 O-O 6. Nc3 Nbd7 7. Ne5 c6 8. O-O
Nxe5 9. dxe5 Nd7 10. cxd5 exd5 11. f4 f5 12. Be3 Nb6 13. Bf2 Kh8 14. e3 Be6 15.
Ne2 Bg8 16. h3 Qd7 17. a4 Rad8 18. Kh2 Nc4 19. Rb1 c5 20. Qc2 Na5 21. b3 Nc6 22.
Rfd1 Nb4 23. Qb2 Be6 24. Rd2 Qe8 25. Rbd1 Qf7 26. Nc1 Rd7 27. Nd3 Nxd3 28. Rxd3
b6 29. Bf3 Rfd8 30. Qe2 1/2-1/2

[Event "Mondiale Semilampo FIDE 2024"]
[Site "New York"]
[Date "28.12.2024"]
[Round "11.14"]
[White "Robson, Ray"]
[Black "Martirosyan, Haik M."]
[Result "1/2-1/2"]
[WhiteTitle "GM"]
[BlackTitle "GM"]
[WhiteElo "2700"]
[BlackElo "2656"]
[WhiteFideId "2023970"]
[BlackFideId "13306553"]
[EventDate "26.12.2024"]

1. d4 Nf6 2. c4 e6 3. Nc3 Bb4 4. e3 O-O 5. Bd3 d5 6. a3 Bxc3+ 7. bxc3 dxc4 8.
Bxc4 c5 9. Nf3 Qa5 10. Bd2 Ne4 11. O-O Nxd2 12. Qxd2 Nd7 13. a4 Qc7 14. Bd3 b6
15. e4 Bb7 16. Rfe1 Rfd8 17. h3 h6 18. a5 bxa5 19. Qa2 a4 20. Qxa4 a5 21. Qa3
Nf6 22. Rab1 cxd4 23. cxd4 Ba6 24. Rbc1 Qb6 25. Rb1 Qc7 26. Rbc1 Qb6 27. Rb1 Qc7 1/2-1/2

[Event "Mondiale Semilampo FIDE 2024"]
[Site "New York"]
[Date "28.12.2024"]
[Round "11.15"]
[White "Bortnyk, Olexandr"]
[Black "Antipov, Mikhail Al."]
[Result "1-0"]
[WhiteTitle "GM"]
[BlackTitle "GM"]
[WhiteElo "2603"]
[BlackElo "2594"]
[WhiteFideId "14120828"]
[BlackFideId "4107012"]
[EventDate "26.12.2024"]

1. d4 Nf6 2. Nc3 d5 3. Bf4 g6 4. e3 Nh5 5. Be5 f6 6. Bg3 c6 7. Nf3 Be6 8. Bd3
Nd7 9. Qe2 Bf7 10. e4 Qb6 11. O-O-O dxe4 12. Qxe4 O-O-O 13. Kb1 Nxg3 14. hxg3
Qc7 15. Qe2 Nb6 16. Ne4 Kb8 17. c3 h5 18. g4 Nd5 19. g3 g5 20. gxh5 Rxh5 21.
Ned2 Qc8 22. Qe4 Nc7 23. Rxh5 Bxh5 24. Rh1 Bg4 25. Kc1 Ne8 26. Nc4 Nd6 27. Nxd6
exd6 28. Nd2 Re8 29. Qg6 Qd8 30. Bf5 Be2 31. Rh7 Bb5 32. Bd3 Bxd3 33. Qxd3 d5
34. Qf5 Bd6 35. Kc2 a6 36. Rd7 Qc8 37. Qh7 Rd8 38. Rf7 Rf8 39. Rg7 Ka7 40. Nb3
Kb6 41. a4 a5 42. Nxa5 Kxa5 43. Rxb7 f5 44. b4+ Ka6 45. Ra7+ Kb6 46. a5+ Kb5 47.
Kb3 1-0

[Event "Mondiale Semilampo FIDE 2024"]
[Site "New York"]
[Date "28.12.2024"]
[Round "11.17"]
[White "Sargsyan, Shant"]
[Black "So, Wesley"]
[Result "1/2-1/2"]
[WhiteTitle "GM"]
[BlackTitle "GM"]
[WhiteElo "2646"]
[BlackElo "2747"]
[WhiteFideId "13306766"]
[BlackFideId "5202213"]
[EventDate "26.12.2024"]

1. e4 e5 2. Nf3 Nc6 3. Bb5 Nf6 4. d3 d6 5. c3 a6 6. Ba4 b5 7. Bc2 d5 8. Nbd2
dxe4 9. dxe4 Bd6 10. O-O O-O 11. a4 b4 12. a5 h6 13. Qe2 Qe7 14. Nc4 Rd8 15. Rd1
Bb7 16. Ne3 Qe6 17. Nd5 Ne7 18. c4 c5 19. Ba4 Bc6 20. Bc2 Bb7 21. Ba4 Bc6 22.
Bc2 Bb7 23. Ba4 Bc6 1/2-1/2